000 00503nam a2200181Ia 4500
005 20250508150641.0
008 008 250505s9999 xx 000 0 eng d
037 _aTextual
040 _aFEDL
_beng
_cFEDL
041 _aeng
_2eng
084 _a371.54, EWI
_qFEDL
100 _aEwing A C
245 0 _aMorality of punishment
260 _aLondon, UK
_bKegan Paul, Trench, Trubner and Co Ltd
_c1929
300 _axiv,232p.
942 _cTEXL
_h371.54, EWI
999 _c1324812
_d1324812